Statistics for Groups of 3 #4

Click here to take the quiz!

General Stats

  • This quiz has been taken 74 times
    (43 since last reset)
  • The average score is 33 of 75

Answer Stats

HintContextAnswer% Correct
Three countries whose names begin with “H”GeographyHaiti
88%
France
84%
Holy Ghost | Holy Spirit
84%
Honduras
84%
The Christian TrinityReligious historyFather
81%
Hungary
81%
Son
81%
Common daily mealsGeneral knowledgeBreakfast
78%
Dinner | Supper
78%
Three countries whose names begin with “F”GeographyFiji
78%
Lunch
78%
Krzysztof Kieślowski’s Three Colours trilogyMK2 Productions et al. Krzysztof Kieślowski, dir. (1993-1994)Three Colours: ({Blue})
75%
Three Colours: ({Red})
75%
Three non-European countries whose names begin with “D”GeographyDjibouti
72%
Three U.S. states with capital cities whose names begin with “D”GeographyColorado
66%
Dominica
66%
Finland
66%
Michigan
66%
The only information a prisoner of war is obligated to provide to their captorGeneva Convention, Article 5 (1929)Name
66%
Three U.S. states with capital cities whose names begin with “M”GeographyAlabama
63%
Three U.S. states with capital cities whose names begin with “J”GeographyAlaska
63%
Dominican Republic
63%
Santa María
63%
Triple Crown of Thoroughbred RacingSportKentucky Derby
63%
Delaware
59%
Three Colours: ({White})
59%
Three U.S. states with capital cities whose names begin with “T”GeographyFlorida
56%
Iowa
56%
Triple AllianceGeopolitics, 1882-1915Germany
53%
The three ships used by Christopher Columbus on his first voyage to the West IndiesHistoryNiña
53%
Pinta
53%
Kansas
53%
Liberty
53%
Inalienable rights asserted in the U.S. Declaration of IndependenceHistoryLife
53%
Missouri
53%
Nebraska
50%
Pursuit of happiness
50%
Wisconsin
50%
Bears
47%
Italy
47%
What Dorothy Gale and her companions feared encountering when the Yellow Brick Road took them to the entrance of a spooky forest (Oh, my!)Metro-Goldwyn-Mayer. The Wizard of Oz. Victor Fleming, dir. (1939)Lions
47%
Mississippi
47%
South Dakota
47%
Tigers
47%
New Jersey
44%
Three U.S. states with capital cities whose names begin with “L”GeographyArkansas
41%
Austria-Hungary
41%
Rank
41%
Rhode Island
41%
Vermont
41%
Three U.S. states with capital cities whose names begin with “P”GeographyArizona
34%
The GorgonsGreek mythologyMedusa
34%
Serial number
28%
Belmont Stakes
25%
Preakness Stakes
25%
& {Palmer}
9%
English progressive rock supergroup, 1970-1979“Lucky Man” (1970){Emerson},
9%
Lake
9%
Three rings “for the Elven-kings under the sky”JRR Tolkien. The Lord of the Rings (1954-55)Narya
9%
Nenya
9%
Taylor
9%
Zac
9%
Ethical
6%
Vilya
6%
The three spheres of human existenceSøren Kierkegaard. various works (1843-46)Aesthetic
3%
Euryale
3%
The Hanson brothersAmerican pop rock group Hanson: “MMMBop” (1997)Isaac
3%
Methods
3%
The Three M’sJim Kwik: Limitless: Upgrade Your Brain, Learn Anything Faster, and Unlock Your Exceptional Life (2020)Mindset
3%
Motivation
3%
Religious
3%
Stheno
3%
the {metaphysical} stage
3%
the {positive} stage
3%
The three stages of society, and of each scienceAuguste Comte. The Course of Positive Philosophy (1830-42)the {theological} stage
3%

Score Distribution

Percentile by Number Answered

Percent of People with Each Score

Your Score History

You have not taken this quiz since the last reset